000 00786nam a2200241Ia 4500
003 OSt
005 20220927105710.0
006 a|||||r|||| 00| 0
007 ta
008 220926b |||||||| |||| 00| 0 eng d
024 _a201541
037 _cReference Collections
040 _aRTL
_cRTL
_beng
041 _2eng
_aeng
082 _a"n72,N.N75, L5"
245 0 _aCanada Year Book 1975
_b" An annual review of economic, social and political developements in canada ministry of industry trade and commerce"
260 _aCanada
_bministry of industry canada
_c1975
300 _a907p.
_ccm.
490 _aAdvances in Austrian Economics; v.15
500 _aBibliography chapterwise
942 _h"n72,N.N75, L5"
_cCC
999 _c693981
_d693981